| 000 | 00737pam a22002294a 4500 | ||
|---|---|---|---|
| 020 | _a0764573977 (pbk.) | ||
| 040 | _cDLC | ||
| 082 | 0 | 0 | _a005 WIL 2005 A006 Or. |
| 100 | 1 | _aCole, Eric. | |
| 245 | 1 | 0 | _aNetwork security bible / |
| 260 |
_aIndianapolis, IN : _bWiley Pub., _cc2005. |
||
| 300 |
_axxxiv, 660 p. : _bill. ; _c24 cm. |
||
| 500 | _aIncludes index. | ||
| 650 | 0 | _aComputer security. | |
| 650 | 0 | _aComputer networks | |
| 700 | 1 | _aKrutz, Ronald L., | |
| 700 | 1 | _aConley, James W. | |
| 856 | 4 | 1 | _uhttp://www.loc.gov/catdir/toc/ecip053/2004025696.html |
| 856 | 4 | 2 | _uhttp://www.loc.gov/catdir/enhancements/fy0617/2004025696-b.html |
| 856 | 4 | 2 | _uhttp://www.loc.gov/catdir/enhancements/fy0617/2004025696-d.html |
| 942 | _cEK | ||
| 999 |
_c11936 _d11936 |
||